Państwa Azji - sprint jednominutowy - Statystyki

Ogólne statystyki
  • Ten quiz został rozwiązany 16 056 razy
  • Średni wynik to 24 z 48
Odpowiedzi na mapie
Odpowiedzi zakodowano w zielono-czerwonej skali na mapie do tego quizu, zgodnie z poniższymi procentami.
 
Statystyki odpowiedzi
Państwo % Poprawnych
Chiny
96%
Indie
90%
Japonia
83%
Kazachstan
81%
Mongolia
81%
Iran
79%
Irak
78%
Turcja
78%
Oman
70%
Jemen
67%
Indonezja
62%
Pakistan
61%
Nepal
57%
Arabia Saudyjska
56%
Izrael
54%
Zjednoczone Emiraty Arabskie
54%
Syria
53%
Wietnam
53%
Katar
52%
Gruzja
50%
Korea Południowa
50%
Tajlandia
50%
Afganistan
49%
Korea Północna
49%
Laos
49%
Armenia
47%
Bhutan
47%
Filipiny
44%
Mjanma
43%
Malezja
42%
Sri Lanka
42%
Uzbekistan
42%
Kirgistan
41%
Kuwejt
41%
Jordania
40%
Cypr
38%
Tajwan
38%
Azerbejdżan
37%
Tadżykistan
37%
Turkmenistan
36%
Bangladesz
35%
Kambodża
35%
Bahrajn
34%
Liban
34%
Singapur
24%
Brunei
22%
Malediwy
22%
Timor Wschodni
12%
Nie znaleziono quizów pasujących do podanych kryteriów
Rozkład punktacji
Procent ludzi z każdym wynikiem
Percentyl według liczby udzielonych odpowiedzi
Twoja historia wyników
Nie rozwiązałeś tego quizu